00322nam a2200109Ia 450000500170000000800390001702000180005608200160007424500720009026000360016230000140019820260225135612.0260225s9999 xx 000 0 und d a9788131717226 a338.74bBOU 0aSoul Of The Corporation: How To Manage The Identity Of Your Company bPearson Education India, c2007 a260 pages